ISO 14000: 2000 : el reto /

Video que presenta tres casos de instalación de un sistema de manejo del medio ambiente. Este programa diseñado para directivos, supervisores y capataces, muestra un panorama general de la contaminación ambiental de la producción, mecanismos para monitorear y evaluar el impacto ambiental, proveedore...

詳細記述

保存先:
書誌詳細
第一著者: Campbell, Catherine (realización)
その他の著者: Campbell, Catherine (guión) (guión)
フォーマット: スライド
言語:スペイン語
出版事項: Australia : Nicholas & Smith, 2000, c2000
México : Coastal [distribución], 2000, c2000
シリーズ:(Calidad/Medio Ambiente)
主題:
タグ: タグ追加
タグなし, このレコードへの初めてのタグを付けませんか!

MARC

LEADER 00000ngm^a2200000^a^4500
001 000176453
005 20250521000000.0
009 20260310101640.714
037 |a Acervo ITESO - Biblioteca 
041 |a ESP 
082 |a 658. 562  |b CAM 
100 |a Campbell, Catherine  |e (realización) 
245 1 0 |a ISO 14000: 2000 :  |b el reto / 
246 2 |a Titulo en la pantalla: El reto ISO 14000 
264 4 |a Australia :  |b Nicholas & Smith,  |c 2000, c2000 
264 4 |a México :  |b Coastal [distribución],  |c 2000, c2000 
300 |a 1 videocasete VHS  |c (24 min.) 
336 |a imagen móvil bidimensional  |b tdi  |2 rdacontenido 
337 |a video  |b v  |2 rdamedio 
338 |a videocasete  |b vf  |2 rdasoporte 
440 1 |a (Calidad/Medio Ambiente) 
520 |a Video que presenta tres casos de instalación de un sistema de manejo del medio ambiente. Este programa diseñado para directivos, supervisores y capataces, muestra un panorama general de la contaminación ambiental de la producción, mecanismos para monitorear y evaluar el impacto ambiental, proveedores y equipo para el manejo de desechos industriales y los beneficios de la certificación ISO 14000. 
649 |a XX 
650 |a Normalización y Certificación 
650 |a Control de Calidad 
650 |a Contaminación Ambiental 
650 |a Calidad Ambiental 
650 |a Monitoreo Ambiental 
650 |a Impacto Ambiental 
650 |a Delitos Ambientales 
650 |a Conservación y Protección Ambiental 
650 |a Desarrollo Sustentable 
650 |a Ingeniería Ambiental 
700 |a Campbell, Catherine  |e (guión) 
910 |a Fondo General 
920 |a Audiovisuales - Videocasetes 
905 |a 301 
901 |a 0500088577  |b IT2  |c VIS  |u 20250521 
902 |a https://opac.biblio.iteso.mx/vufind/Record/000176453